Inside Improvisation : The Science behind Theatrical Improvisation and How to Get Better /
Kaydedildi:
| Yazar: | |
|---|---|
| Materyal Türü: | Kitap |
| Dil: | İngilizce |
| Baskı/Yayın Bilgisi: |
Sidney, Australia :
Academy of Improvisation,
2019, c2019
|
| Konular: | |
| Etiketler: |
Etiket eklenmemiş, İlk siz ekleyin!
|
MARC
| LEADER | 00000nam^a2200000^a^4500 | ||
|---|---|---|---|
| 001 | 000431858 | ||
| 005 | 20250521000000.0 | ||
| 009 | 20260310123000.497 | ||
| 020 | |a 978-0-6483698-0-6 | ||
| 037 | |a Acervo ITESO - Biblioteca | ||
| 041 | |a ING | ||
| 082 | |a 792. 028 |b BEN | ||
| 100 | |a Bennett, Richard |e (autor) | ||
| 245 | 1 | 0 | |a Inside Improvisation : |b The Science behind Theatrical Improvisation and How to Get Better / |c R. Bennett. |
| 264 | 4 | |a Sidney, Australia : |b Academy of Improvisation, |c 2019, c2019 | |
| 300 | |a XII, 336 p. | ||
| 336 | |a texto |b txt |2 rdacontenido | ||
| 337 | |a sin mediación |b n |2 rdamedio | ||
| 338 | |a volumen |b nc |2 rdasoporte | ||
| 521 | |a 2019-XXXX BO Licenciaturas Materias Complementarias | ||
| 649 | |a XX | ||
| 650 | |a Comedia - |x Tema Principal | ||
| 650 | |a Teatro - |x Técnica | ||
| 650 | |a Improvisación (Representación Teatral) - |x Tema Principal | ||
| 650 | |a Actuación - |x Técnica | ||
| 650 | |a Actuación - |x Teoría | ||
| 650 | |a Artes Escénicas - |x Técnica | ||
| 910 | |a Fondo General | ||
| 920 | |a Impresos - Libros | ||
| 930 | |a Colección General | ||
| 905 | |a 101 | ||
| 901 | |a 0500349516 |b IT1 |c ACC |i C175582 |u 20250521 | ||
| 901 | |a 0500349513 |b IT1 |c ACC |i C175583 |u 20250521 | ||
| 902 | |a https://opac.biblio.iteso.mx/vufind/Record/000431858 | ||